[Event "Andorra open"]
[Site "Escaldes"]
[Date "2023.07.29"]
[Round "8.17"]
[White "Serra Pages, Jordi"]
[Black "Ortega Lopez, Mikel"]
[Result "1-0"]
[WhiteElo "2175"]
[BlackElo "2240"]
[PlyCount "119"]
[EventDate "2023.07.22"]
[EventCountry "AND"]

1. d4 Nf6 2. c4 e6 3. Nf3 Bb4+ 4. Nbd2 d6 5. e3 Qe7 6. Be2 O-O 7. a3 Bxd2+ 8.
Qxd2 e5 9. O-O Bg4 10. h3 Bh5 11. b3 Nbd7 12. Bb2 e4 13. Nh2 Bxe2 14. Qxe2 c6
15. a4 Rfe8 16. Ba3 Qe6 17. Qd2 d5 18. Rfc1 h6 19. Qb4 Rab8 20. Rc2 Qf5 21. Qa5
a6 22. Nf1 g5 23. Bd6 Rbc8 24. Rac1 Qe6 25. Bh2 Nf8 26. Qb4 Re7 27. Qd6 Qxd6
28. Bxd6 Re6 29. Be5 N8d7 30. Bh2 Kh7 31. Ng3 Kg6 32. a5 Rd8 33. Ne2 Ree8 34.
Nc3 Nf8 35. Bc7 Rd7 36. Be5 Ne6 37. Bxf6 Kxf6 38. cxd5 cxd5 39. Na4 Ke7 40. Nb6
Rdd8 41. g4 Kd6 42. b4 Rf8 43. b5 axb5 44. Rb2 Nc7 45. Rc5 f5 46. Rbc2 Rf7 47.
gxf5 Rdf8 48. a6 Nxa6 49. Rxd5+ Ke7 50. Nc8+ Kf6 51. Rxb5 Rc7 52. Rb6+ Kg7 53.
Rxc7+ Nxc7 54. Nd6 Rf6 55. Rxb7 Rxd6 56. Rxc7+ Kf6 57. Rc5 Ra6 58. Kg2 Ra2 59.
Rc6+ Kxf5 60. Rxh6 1-0

[Event "Andorra open"]
[Site "Escaldes"]
[Date "2023.07.29"]
[Round "8.18"]
[White "Webb, Laurence E"]
[Black "Ventura Bolet, Alexandre"]
[Result "1/2-1/2"]
[WhiteElo "2171"]
[BlackElo "2227"]
[PlyCount "81"]
[EventDate "2023.07.22"]
[EventCountry "AND"]

1. d4 Nf6 2. Nf3 g6 3. c4 d6 4. Nc3 Nbd7 5. Bg5 Bg7 6. e3 O-O 7. Be2 c5 8. O-O
a6 9. Qc2 Re8 10. Rad1 Qa5 11. a3 Rb8 12. dxc5 Qxc5 13. b4 Qc7 14. Rc1 b6 15.
Nd5 Nxd5 16. cxd5 Qxc2 17. Rxc2 h6 18. Bh4 g5 19. Bg3 Nf6 20. Nd4 Bb7 21. Nc6
Rbc8 22. Bc4 Rc7 23. Rfc1 Kf8 24. f3 b5 25. Bb3 Rec8 26. e4 Nd7 27. Kf2 Ke8 28.
Ke3 Bxc6 29. Rxc6 Rxc6 30. Rxc6 Rxc6 31. dxc6 Nb6 32. Kd3 Nc8 33. e5 dxe5 34.
Ke4 e6 35. Bxe5 Bxe5 36. Kxe5 Ke7 37. g3 f6+ 38. Kd4 Kd6 39. c7 Ne7 40. f4 gxf4
41. gxf4 1/2-1/2

[Event "Andorra open"]
[Site "Escaldes"]
[Date "2023.07.29"]
[Round "8.19"]
[White "Romero Pallares, Daniel"]
[Black "Martin, Nils"]
[Result "1/2-1/2"]
[WhiteElo "2275"]
[BlackElo "1941"]
[PlyCount "116"]
[EventDate "2023.07.22"]
[EventCountry "AND"]

1. e4 e5 2. Nf3 Nc6 3. Bc4 Bc5 4. d3 Nf6 5. Be3 Bb6 6. a4 d6 7. O-O O-O 8. Nbd2
Bg4 9. h3 Bh5 10. g4 Bg6 11. Bg5 a5 12. c3 Qe7 13. Nh4 Nb8 14. Ba2 c6 15. Qb3
Bd8 16. Nc4 Qc7 17. Qa3 d5 18. Nxg6 hxg6 19. Bxf6 gxf6 20. exd5 cxd5 21. Ne3 d4
22. Nd5 Qd7 23. f4 dxc3 24. bxc3 Nc6 25. Qb2 Kg7 26. Qe2 Qd6 27. Rf3 exf4 28.
Rxf4 Bb6+ 29. Kg2 Rae8 30. Qd2 Bd8 31. Raf1 f5 32. gxf5 Bg5 33. f6+ Kg8 34. h4
Bxf4 35. Rxf4 Re5 36. Rf2 Kh7 37. Ne3 Rh5 38. Kh3 Ne5 39. d4 Qd7+ 40. Kg3 Nc6
41. Bc4 g5 42. Bd3+ Kh8 43. Nf5 gxh4+ 44. Kh2 Rg8 45. Qf4 Rg3 46. Be2 Qxf5 47.
Qxf5 Rxf5 48. Rxf5 Rxc3 49. Rh5+ Kg8 50. Rg5+ Kf8 51. Bg4 Rg3 52. d5 Ne5 53.
Rxe5 Rxg4 54. d6 Rd4 55. Rxa5 Ke8 56. Re5+ Kd7 57. Re7+ Kxd6 58. Rxb7 Rxa4
1/2-1/2

[Event "Andorra open"]
[Site "Escaldes"]
[Date "2023.07.29"]
[Round "8.20"]
[White "Yuste Valenzuela, Alejandro"]
[Black "Martinez Pla, Xavier"]
[Result "0-1"]
[WhiteElo "2146"]
[BlackElo "2268"]
[PlyCount "80"]
[EventDate "2023.07.22"]
[EventCountry "AND"]

1. e4 c5 2. Nf3 e6 3. d4 cxd4 4. Nxd4 Nc6 5. Nc3 Qc7 6. Be3 a6 7. Qf3 Nf6 8.
O-O-O d6 9. Be2 Bd7 10. g4 Nxd4 11. Rxd4 Bc6 12. g5 Nd7 13. Qg3 b5 14. a3 Rc8
15. Kb1 Qb7 16. Qh3 g6 17. Rdd1 b4 18. axb4 Qxb4 19. Bd4 e5 20. Be3 Rb8 21. Bc1
Nc5 22. Rhg1 a5 23. Qe3 Be7 24. h4 a4 25. f3 Ne6 26. Nd5 Bxd5 27. Rxd5 Nf4 28.
Rdd1 O-O 29. Qd2 Qc5 30. Bd3 Rfc8 31. Qe3 Qc7 32. Qd2 d5 33. exd5 Nxd5 34. Ka1
a3 35. c4 axb2+ 36. Bxb2 Qa7+ 37. Kb1 Ba3 38. cxd5 Rxb2+ 39. Qxb2 Bxb2 40. Kxb2
Qb6+ 0-1

[Event "Andorra open"]
[Site "Escaldes"]
[Date "2023.07.30"]
[Round "9.1"]
[White "Cuartas, Jaime Alexander"]
[Black "Sumets, Andrey"]
[Result "1/2-1/2"]
[WhiteElo "2526"]
[BlackElo "2515"]
[PlyCount "85"]
[EventDate "2023.07.22"]
[EventCountry "AND"]

1. d4 d5 2. Nf3 Nf6 3. c4 e6 4. Nc3 Nbd7 5. cxd5 exd5 6. Bg5 c6 7. e3 Be7 8.
Qc2 h6 9. Bf4 Nb6 10. h3 Bd6 11. Ne5 Be6 12. Be2 Rc8 13. O-O Qe7 14. Bh2 O-O
15. Na4 Nxa4 16. Qxa4 a6 17. Bd3 Rfe8 18. Rac1 Nd7 19. f4 Nf8 20. Kh1 f6 21.
Nf3 c5 22. dxc5 Bxc5 23. Nd4 Qd7 24. Qb3 Bxd4 25. Rxc8 Rxc8 26. exd4 Bf5 27.
Bxf5 Qxf5 28. Qxb7 Rc2 29. Re1 Ng6 30. Bg3 Kh7 31. Qxa6 Rxb2 32. a4 Qc2 33. Qf1
Qxa4 34. f5 Nh8 35. Qf4 Qc2 36. Qf3 Rb3 37. Qg4 Rb1 38. Kh2 Rxe1 39. Bxe1 Nf7
40. Bh4 Qc7+ 41. Kh1 Qc1+ 42. Kh2 Qc7+ 43. Kh1 1/2-1/2

[Event "Andorra open"]
[Site "Escaldes"]
[Date "2023.07.30"]
[Round "9.2"]
[White "Bilych, Olexiy"]
[Black "Christiansen, Johan-Sebastian"]
[Result "0-1"]
[WhiteElo "2437"]
[BlackElo "2603"]
[PlyCount "96"]
[EventDate "2023.07.22"]
[EventCountry "AND"]

1. d4 d5 2. c4 c6 3. Nf3 Nf6 4. Nc3 dxc4 5. a4 Bf5 6. Ne5 Nbd7 7. Nxc4 Nb6 8.
Ne5 a5 9. e3 g6 10. Bd3 Nfd7 11. Bxf5 gxf5 12. Nf3 e6 13. O-O Bb4 14. Qc2 Qe7
15. e4 fxe4 16. Qxe4 Nf6 17. Qe2 Nfd5 18. Bg5 f6 19. Bd2 O-O-O 20. Rfe1 Rhe8
21. Rac1 Kb8 22. g3 Qg7 23. b3 Nxc3 24. Bxc3 Nd5 25. Bd2 Rd7 26. Qe4 Qg6 27.
Re2 Qh5 28. Kg2 Rg7 29. Qh4 Qf5 30. Qe4 Qh5 31. Qh4 Qf7 32. Rce1 h5 33. h3 Bd6
34. Re4 Bc7 35. Bc1 Ka7 36. Bd2 Rgg8 37. R4e2 Rg6 38. Re4 f5 39. Ne5 Bxe5 40.
Rxe5 f4 41. Qxh5 fxg3 42. fxg3 Rf8 43. Qe2 Rf6 44. Qd1 Rf2+ 45. Kg1 Rf3 46. Kh2
Rxg3 47. Rf1 Qg6 48. Bg5 Rxf1 0-1

[Event "Andorra open"]
[Site "Escaldes"]
[Date "2023.07.30"]
[Round "9.3"]
[White "Galperin, Platon"]
[Black "Defromont, Benjamin"]
[Result "1-0"]
[WhiteElo "2566"]
[BlackElo "2445"]
[PlyCount "119"]
[EventDate "2023.07.22"]
[EventCountry "AND"]

1. d4 Nf6 2. c4 e6 3. Bf4 Bb4+ 4. Nd2 d5 5. Qa4+ Nc6 6. a3 Bd6 7. Bg3 O-O 8.
Ngf3 Re8 9. e3 h6 10. Qc2 Bxg3 11. hxg3 e5 12. cxd5 Qxd5 13. Bc4 Qd6 14. dxe5
Nxe5 15. Nxe5 Qxe5 16. Nf3 Qa5+ 17. b4 Qb6 18. Rc1 a5 19. b5 c6 20. bxc6 Qxc6
21. Qb1 Qd6 22. Qb2 Be6 23. Bxe6 Qxe6 24. O-O Qe7 25. Nd4 Rac8 26. Nf5 Qe6 27.
Nd4 Qd5 28. Rb1 Re7 29. Rfe1 Ne4 30. g4 g6 31. Rbd1 Qe5 32. f3 Nc3 33. Rd3 Nd5
34. Qd2 Nf4 35. Rb3 Rd8 36. Reb1 Rxd4 37. exd4 Ne2+ 38. Kf1 Qh2 39. Re3 Qg1+
40. Kxe2 Rxe3+ 41. Qxe3 Qxb1 42. Qe8+ Kg7 43. Qe5+ Kg8 44. Qxa5 Qg1 45. Kd3
Qf1+ 46. Ke3 Qg1+ 47. Ke4 Qxg2 48. Qb5 Qc2+ 49. Kd5 Qc3 50. Qe8+ Kg7 51. Qe5+
Kg8 52. Kd6 Qxf3 53. d5 Qxa3+ 54. Kd7 Qa4+ 55. Ke7 Qxg4 56. Qb8+ Kh7 57. Qxb7
Qf5 58. Kf8 h5 59. Qxf7+ Qxf7+ 60. Kxf7 1-0

[Event "Andorra open"]
[Site "Escaldes"]
[Date "2023.07.30"]
[Round "9.4"]
[White "Arizmendi Martinez, Julen Luis"]
[Black "Lopez Martinez, Josep Manuel"]
[Result "1-0"]
[WhiteElo "2501"]
[BlackElo "2458"]
[PlyCount "123"]
[EventDate "2023.07.22"]
[EventCountry "AND"]

1. e4 e5 2. Nf3 Nc6 3. Bb5 Nf6 4. d3 Bc5 5. c3 O-O 6. O-O Re8 7. d4 Bf8 8. Re1
h6 9. Nbd2 exd4 10. cxd4 a6 11. Bd3 d6 12. h3 g6 13. Nf1 Bg7 14. Ng3 Nh7 15.
Be3 Ng5 16. Nxg5 hxg5 17. Bc4 Rf8 18. f3 Bf6 19. Qd2 Bd7 20. Rad1 Rc8 21. e5
dxe5 22. dxe5 Nxe5 23. Bb3 Bb5 24. Ne4 Bg7 25. Bxg5 Qxd2 26. Rxd2 Rfe8 27. Red1
c5 28. Nd6 c4 29. Nxc8 Rxc8 30. Rd8+ Rxd8 31. Rxd8+ Kh7 32. Bc2 Nd7 33. b3 c3
34. Be3 Ne5 35. Bd4 Nc6 36. Bxg7 Nxd8 37. Bxc3 Ne6 38. Kf2 Nf4 39. h4 Kg8 40.
Bd2 Nd5 41. g4 Kg7 42. Be4 Bc6 43. Bg5 f6 44. Bd2 Kf7 45. a4 b5 46. axb5 axb5
47. Ke2 Ne7 48. Ke3 f5 49. Bd3 Bd5 50. b4 Bc6 51. Be2 Bd7 52. Kd4 Nc6+ 53. Kd5
Nd8 54. Kd6 Ke8 55. g5 Nb7+ 56. Kc7 Nd8 57. Kb6 Nc6 58. Bxb5 Nd4 59. Bxd7+ Kxd7
60. f4 Nf3 61. Be3 Nxh4 62. b5 1-0

[Event "Andorra open"]
[Site "Escaldes"]
[Date "2023.07.30"]
[Round "9.5"]
[White "Shyaamnikhil, P."]
[Black "Lubbe, Nikolas"]
[Result "1/2-1/2"]
[WhiteElo "2473"]
[BlackElo "2501"]
[PlyCount "96"]
[EventDate "2023.07.22"]
[EventCountry "AND"]

1. Nf3 d5 2. g3 Nf6 3. Bg2 e6 4. O-O Be7 5. d3 b6 6. e4 Bb7 7. exd5 exd5 8. Nh4
O-O 9. Nf5 Re8 10. Nxe7+ Qxe7 11. Nc3 Nbd7 12. Nb5 Nf8 13. Bf4 Ng6 14. Bg5 c6
15. Bxf6 gxf6 16. Nd4 Qe5 17. c3 Qd6 18. Nf5 Qe5 19. Nd4 Qd6 20. Qd2 Bc8 21.
Rae1 Bd7 22. Nc2 Rxe1 23. Rxe1 Re8 24. Rxe8+ Bxe8 25. d4 Bd7 26. h4 Ne7 27. Bf3
a5 28. Ne3 Nf5 29. Ng2 Ng7 30. Bd1 Bf5 31. Nf4 Ne6 32. Nh5 Ng7 33. Nf4 Ne6 34.
Ng2 Ng7 35. Kh2 Be4 36. Nf4 Ne6 37. Nh5 Ng7 38. Nf4 Ne6 39. Nh5 Ng7 40. Qf4
Qxf4 41. Nxf4 Kf8 42. g4 Ne8 43. Be2 Bb1 44. a3 Nd6 45. f3 Ke7 46. Kg3 b5 47.
Kf2 a4 48. Ke3 h6 1/2-1/2

[Event "Andorra open"]
[Site "Escaldes"]
[Date "2023.07.30"]
[Round "9.6"]
[White "Roshka, Yevgeniy"]
[Black "Arpan, Das (Jr)"]
[Result "1-0"]
[WhiteElo "2496"]
[BlackElo "2365"]
[PlyCount "91"]
[EventDate "2023.07.22"]
[EventCountry "AND"]

1. e4 c6 2. d4 d5 3. Nc3 dxe4 4. Nxe4 Nf6 5. Nxf6+ exf6 6. c3 Bd6 7. Bd3 O-O 8.
Qc2 Re8+ 9. Ne2 h5 10. O-O Nd7 11. Bd2 h4 12. h3 Nf8 13. Rae1 g6 14. c4 Be6 15.
Kh1 Bc7 16. Bc3 f5 17. Ng1 Qg5 18. Nf3 Qh6 19. Re2 Bf4 20. Rfe1 Red8 21. b3 Nh7
22. Bb2 Ng5 23. Ne5 Re8 24. d5 Bxe5 25. Rxe5 Bd7 26. Qd2 f6 27. Rxe8+ Rxe8 28.
Rxe8+ Bxe8 29. Bxf6 Nf7 30. Qxh6 Nxh6 31. dxc6 Bxc6 32. Bxh4 Nf7 33. Bf6 Nd6
34. f3 Kf7 35. Bd4 a6 36. Kh2 Ke6 37. Kg3 g5 38. h4 gxh4+ 39. Kf4 b5 40. c5 Nb7
41. b4 Bd5 42. Bxf5+ Kf7 43. Ke5 Bxa2 44. c6 Nd8 45. c7 Nc6+ 46. Ke4 1-0

[Event "Andorra open"]
[Site "Escaldes"]
[Date "2023.07.30"]
[Round "9.7"]
[White "Zoler, Dan"]
[Black "Decuigniere, Tom"]
[Result "1-0"]
[WhiteElo "2461"]
[BlackElo "2393"]
[PlyCount "79"]
[EventDate "2023.07.22"]
[EventCountry "AND"]

1. d4 Nf6 2. c4 e6 3. Nf3 d5 4. g3 Be7 5. Bg2 O-O 6. O-O dxc4 7. Qc2 b5 8. a4
Bb7 9. axb5 a6 10. Nc3 axb5 11. Rxa8 Bxa8 12. Nxb5 Bd5 13. Nc3 Bxf3 14. Bxf3
Qxd4 15. Be3 Qd6 16. Rd1 Qb4 17. Rc1 Nbd7 18. Bd2 Qb3 19. Na4 Bd6 20. Bg2 Rb8
21. Qxc4 Qxc4 22. Rxc4 Nb6 23. Nxb6 Rxb6 24. Bc1 Nd5 25. f4 f5 26. Kf2 Nf6 27.
Ke1 e5 28. e3 Kf7 29. Ra4 Ke6 30. Bf1 Ne4 31. Bc4+ Kf6 32. Ra8 Nc5 33. Kd1 Nb3
34. Re8 Nc5 35. b3 exf4 36. exf4 Kg6 37. Be3 Rc6 38. Bd4 Ne4 39. Re6+ Kf7 40.
Bd5 1-0

[Event "Andorra open"]
[Site "Escaldes"]
[Date "2023.07.30"]
[Round "9.8"]
[White "Lubbe, Melanie"]
[Black "Rasmussen, Allan Stig"]
[Result "1-0"]
[WhiteElo "2256"]
[BlackElo "2531"]
[PlyCount "69"]
[EventDate "2023.07.22"]
[EventCountry "AND"]

1. e4 g6 2. d4 Bg7 3. Nc3 d6 4. f4 a6 5. Nf3 b5 6. a3 Bb7 7. Be3 Nd7 8. Bd3
Ngf6 9. e5 Nd5 10. Nxd5 Bxd5 11. a4 c6 12. Qe2 O-O 13. O-O Qc7 14. b3 bxa4 15.
Rxa4 c5 16. Rxa6 Rxa6 17. Bxa6 Bxf3 18. Rxf3 cxd4 19. Bxd4 dxe5 20. Bxe5 Nxe5
21. fxe5 Bxe5 22. g3 Kg7 23. Kg2 h5 24. Qc4 Qa7 25. Bb5 f5 26. Bc6 Bf6 27. b4
Qb8 28. b5 Rh8 29. h4 Qb6 30. Rd3 Rf8 31. Rd7 Qe3 32. Qd3 Qc5 33. Rd5 Qb4 34.
Qe3 Rc8 35. Rd7 1-0

[Event "Andorra open"]
[Site "Escaldes"]
[Date "2023.07.30"]
[Round "9.10"]
[White "Ventura Bolet, Maxim"]
[Black "Vestby-Ellingsen, Mads"]
[Result "1/2-1/2"]
[WhiteElo "2204"]
[BlackElo "2358"]
[PlyCount "40"]
[EventDate "2023.07.22"]
[EventCountry "AND"]

1. Nf3 d5 2. e3 Nf6 3. c4 c6 4. Nc3 Nbd7 5. Qc2 e5 6. cxd5 Nxd5 7. a3 Bd6 8.
Be2 O-O 9. Ne4 Bc7 10. Ng3 a5 11. b3 Re8 12. O-O N7f6 13. d3 Bd7 14. Bb2 b6 15.
d4 exd4 16. Nxd4 c5 17. Nb5 Be5 18. Rad1 Qe7 19. Bc4 Bxb2 20. Qxb2 Bxb5 1/2-1/2

[Event "Andorra open"]
[Site "Escaldes"]
[Date "2023.07.30"]
[Round "9.11"]
[White "Palacios Herrero, Pablo"]
[Black "Almeida Quintana, Omar"]
[Result "1/2-1/2"]
[WhiteElo "2197"]
[BlackElo "2508"]
[PlyCount "76"]
[EventDate "2023.07.22"]
[EventCountry "AND"]

1. e4 g6 2. d4 Bg7 3. Nc3 d6 4. Be3 a6 5. Qd2 b5 6. O-O-O Nd7 7. f3 Bb7 8. h4
h6 9. Nh3 e6 10. Qf2 Nb6 11. Kb1 b4 12. Ne2 Ne7 13. g4 Qd7 14. g5 h5 15. Nhf4
a5 16. Bh3 d5 17. Nd3 Nc4 18. Bc1 Qb5 19. e5 a4 20. f4 Bf8 21. f5 Nxf5 22. Bxf5
gxf5 23. b3 axb3 24. cxb3 Na3+ 25. Bxa3 bxa3 26. Nc3 Qb6 27. Ka1 Qa5 28. Na4
Bc6 29. Nac5 Bb5 30. Qc2 Qa7 31. Qc3 Qa5 32. Qc2 Rb8 33. Rc1 Rb6 34. Qg2 Rc6
35. Rhg1 Rg8 36. Rgd1 Qa7 37. Qf2 Be7 38. Nf4 Rh8 1/2-1/2

[Event "Andorra open"]
[Site "Escaldes"]
[Date "2023.07.30"]
[Round "9.12"]
[White "Deshmukh, Anup"]
[Black "Kogan, Arthur"]
[Result "1-0"]
[WhiteElo "2121"]
[BlackElo "2482"]
[PlyCount "54"]
[EventDate "2023.07.22"]
[EventCountry "AND"]

1. c4 e5 2. Nc3 Nc6 3. Nf3 Nf6 4. g3 Bc5 5. Bg2 d6 6. O-O a6 7. e3 Ba7 8. d4
Bg4 9. d5 Ne7 10. e4 Qc8 11. Qd3 Nd7 12. Be3 O-O 13. Bxa7 Rxa7 14. Nd2 a5 15.
Qe3 Nc5 16. Nb3 b6 17. Nxc5 bxc5 18. Nb5 Rb7 19. f4 exf4 20. gxf4 Re8 21. Qc3
Ng6 22. Rae1 Bd7 23. a4 Bxb5 24. axb5 Qg4 25. Qg3 Qxg3 26. hxg3 f5 27. Bf3 Ra8
{Resto ilegible} 1-0

[Event "Andorra open"]
[Site "Escaldes"]
[Date "2023.07.30"]
[Round "9.13"]
[White "Ayats Llobera, Gerard"]
[Black "Webb, Laurence E"]
[Result "1-0"]
[WhiteElo "2452"]
[BlackElo "2171"]
[PlyCount "95"]
[EventDate "2023.07.22"]
[EventCountry "AND"]

1. d4 Nf6 2. c4 e6 3. Nf3 Bb4+ 4. Nbd2 O-O 5. a3 Be7 6. e4 d6 7. Be2 Nbd7 8.
Qc2 e5 9. Nb1 exd4 10. Nxd4 a5 11. Nc3 Nc5 12. O-O Re8 13. f3 c6 14. Kh1 Bf8
15. Bg5 h6 16. Bh4 Ne6 17. Rfd1 Nf4 18. Bf1 g5 19. Bf2 Qe7 20. Na4 Qc7 21. Rd2
Be6 22. Rad1 Rac8 23. Nxe6 Nxe6 24. Bb6 Qb8 25. Bxa5 Nd7 26. Nb6 Nxb6 27. Bxb6
c5 28. Ba5 Bg7 29. Rd5 Nd4 30. Qf2 Re5 31. Bc3 Rxd5 32. cxd5 Re8 33. Bd3 Qd8
34. b4 b6 35. a4 Be5 36. bxc5 bxc5 37. a5 Nxf3 38. Qxf3 Bxc3 39. Bb5 Bxa5 40.
Bxe8 Qxe8 41. Qf6 Qxe4 42. Qxd6 Qe2 43. Rg1 c4 44. Qa6 Bc3 45. d6 Bf6 46. d7
Bd8 47. Qc8 Qe7 48. Qxc4 {Resto ilegible} 1-0

[Event "Andorra open"]
[Site "Escaldes"]
[Date "2023.07.30"]
[Round "9.14"]
[White "Martinez Pla, Xavier"]
[Black "Ohler, Julius"]
[Result "1/2-1/2"]
[WhiteElo "2268"]
[BlackElo "2141"]
[PlyCount "39"]
[EventDate "2023.07.22"]
[EventCountry "AND"]

1. a3 d5 2. d4 Nf6 3. Nf3 Bf5 4. e3 c6 5. Bd3 g6 6. c4 Nbd7 7. Nc3 e6 8. O-O
Bg7 9. Qe2 O-O 10. Rd1 Bxd3 11. Qxd3 Nb6 12. b3 dxc4 13. bxc4 c5 14. Rb1 Rc8
15. d5 exd5 16. cxd5 c4 17. Qc2 Nfd7 18. e4 Nc5 19. Nd4 Nd3 20. Be3 1/2-1/2

[Event "Andorra open"]
[Site "Escaldes"]
[Date "2023.07.30"]
[Round "9.15"]
[White "Urriza Iricibar, Pablo"]
[Black "Persson, Andreas"]
[Result "1-0"]
[WhiteElo "2257"]
[BlackElo "2135"]
[PlyCount "75"]
[EventDate "2023.07.22"]
[EventCountry "AND"]

1. e4 c6 2. d4 d5 3. exd5 cxd5 4. c4 Nf6 5. Nc3 Nc6 6. Bf4 a6 7. c5 g6 8. Nf3
Bg7 9. Ne5 Nh5 10. Nxc6 bxc6 11. Bg5 h6 12. Be3 e5 13. Be2 Nf4 14. Bf3 O-O 15.
dxe5 Bxe5 16. g3 Ne6 17. Bxh6 Re8 18. Kf1 Nxc5 19. h4 Rb8 20. Rc1 Qd6 21. b3
Bf5 22. Kg2 Nd3 23. Rc2 Nxf2 24. Rxf2 Bxc3 25. h5 Be5 26. g4 Bd7 27. Qd3 Rb4
28. Bd1 Bxg4 29. Rh4 Bxd1 30. hxg6 f6 31. Bf4 Qd7 32. Qxd1 Qg7 33. Qg4 f5 34.
Qxf5 Rxf4 35. Rhxf4 Bxf4 36. Rxf4 Re2+ 37. Kf1 Qe7 38. Qf7+ 1-0

[Event "Andorra open"]
[Site "Escaldes"]
[Date "2023.07.30"]
[Round "9.16"]
[White "Thakur, Akash"]
[Black "Krivenko, Dion"]
[Result "1/2-1/2"]
[WhiteElo "2193"]
[BlackElo "2250"]
[PlyCount "60"]
[EventDate "2023.07.22"]
[EventCountry "AND"]

1. e4 c5 2. Nf3 e6 3. c4 Nc6 4. d4 cxd4 5. Nxd4 Nf6 6. Nc3 Bb4 7. Nxc6 bxc6 8.
Bd3 e5 9. O-O Bc5 10. Qe2 O-O 11. Be3 Bxe3 12. Qxe3 d6 13. c5 dxc5 14. Rfd1 Qd4
15. Qe1 Qb4 16. b3 Rd8 17. Bc4 Be6 18. Bxe6 fxe6 19. f3 Rd4 20. Ne2 Qxe1+ 21.
Rxe1 Rd2 22. Nc3 Rad8 23. Rad1 Nh5 24. Rxd2 Rxd2 25. Re2 Rd4 26. Rc2 c4 27. Ne2
cxb3 28. axb3 Rd6 29. g3 Nf6 30. Kf2 Nd7 {resto ilegible} 1/2-1/2

[Event "Andorra open"]
[Site "Escaldes"]
[Date "2023.07.30"]
[Round "9.17"]
[White "Ventura Bolet, Alexandre"]
[Black "Hristodorescu, Daniel"]
[Result "1-0"]
[WhiteElo "2227"]
[BlackElo "2104"]
[PlyCount "69"]
[EventDate "2023.07.22"]
[EventCountry "AND"]

{[%evp 0,57,13,18,18,-9,36,12,12,12,12,18,21,21,22,26,57,22,26,42,38,37,62,60,
106,63,60,52,60,49,58,35,42,25,67,-15,3,-17,4,7,5,-24,0,1,1,-14,-10,-10,12,13,
132,61,76,66,79,79,79,79,87,80]} 1. Nf3 Nf6 2. c4 g6 3. g3 Bg7 4. Bg2 O-O 5.
O-O d6 6. d4 c6 7. Nc3 Bf5 8. Nh4 Bd7 9. e4 e5 10. Nf3 Bg4 11. dxe5 Bxf3 12.
Bxf3 dxe5 13. Qc2 Na6 14. Be3 Nc7 15. Rfd1 Qe7 16. h3 Qe6 17. Bg2 Qxc4 18. b3
Qe6 19. Na4 Qc8 20. Rd2 Rd8 21. Rxd8+ Qxd8 22. Rd1 Qe8 23. Nc5 Rb8 24. Bg5 Nh5
25. Nxb7 Ne6 26. Nd6 Qf8 27. Be3 Nd4 28. Bxd4 exd4 29. Nc4 Qb4 30. e5 c5 31.
Qe4 Bf8 32. e6 f5 33. Qe5 Re8 34. e7 Bg7 35. Qe6+ 1-0

[Event "Andorra open"]
[Site "Escaldes"]
[Date "2023.07.30"]
[Round "9.18"]
[White "Ellis, Antoine"]
[Black "Alvarez Albiol, Victor"]
[Result "0-1"]
[WhiteElo "2084"]
[BlackElo "2214"]
[PlyCount "52"]
[EventDate "2023.07.22"]
[EventCountry "AND"]

1. d4 Nf6 2. c4 c5 3. d5 b5 4. Nf3 g6 5. Qc2 bxc4 6. e4 d6 7. Bxc4 Bg7 8. Nc3
O-O 9. h3 Nfd7 10. O-O Nb6 11. Be2 Na6 12. a3 Nc7 13. Bg5 Ba6 14. Bxa6 Nxa6 15.
h4 h6 16. Be3 Qd7 17. Qe2 Nc7 18. Nh2 Na4 19. Qd2 Rab8 20. Rab1 Rxb2 21. Qd3
Bxc3 22. Bxh6 Rfb8 23. Rxb2 Rxb2 24. h5 Bg7 25. Bc1 Rb8 26. Qg3 Nc3 0-1

[Event "Andorra open"]
[Site "Escaldes"]
[Date "2023.07.30"]
[Round "9.19"]
[White "Martin, Nils"]
[Black "Pinsach Gelabert, Alexandre"]
[Result "1/2-1/2"]
[WhiteElo "1941"]
[BlackElo "2209"]
[PlyCount "97"]
[EventDate "2023.07.22"]
[EventCountry "AND"]

1. e4 c5 2. Nf3 Nc6 3. d4 cxd4 4. Nxd4 Nf6 5. Nc3 e5 6. Ndb5 d6 7. Bg5 a6 8.
Na3 b5 9. Nab1 Be7 10. Bxf6 Bxf6 11. a4 b4 12. Nd5 Bg5 13. Bc4 O-O 14. O-O Kh8
15. c3 Be6 16. cxb4 Nxb4 17. Nbc3 f5 18. exf5 Rxf5 19. b3 Qa5 20. Rb1 Bg8 21.
Nxb4 Qxb4 22. Qd3 Raf8 23. Bxa6 Bh4 24. g3 Rf3 25. Nd5 Qg4 26. Ne3 Qh3 27. Bb7
d5 28. Bxd5 Rd8 29. Bxf3 Bxg3 30. hxg3 Rxd3 31. b4 Bb3 32. Rfc1 h5 33. a5 Rxe3
34. Bg2 Rxg3 35. fxg3 Qxg3 36. Rc5 h4 37. Kh1 h3 38. Rc8+ Kh7 39. Be4+ g6 40.
Rg1 Qf4 41. Bxg6+ Kh6 42. Rh8+ Kg7 43. Rxh3 Kf6 44. Rxb3 Qh6+ 45. Kg2 Qd2+ 46.
Kh3 Qh6+ 47. Kg2 Qd2+ 48. Kg3 Qf4+ 49. Kh3 1/2-1/2

[Event "Andorra open"]
[Site "Escaldes"]
[Date "2023.07.30"]
[Round "9.20"]
[White "Cano Sevilla, Ivan"]
[Black "Romero Pallares, Daniel"]
[Result "0-1"]
[WhiteElo "2074"]
[BlackElo "2275"]
[PlyCount "56"]
[EventDate "2023.07.22"]
[EventCountry "AND"]

1. d4 d5 2. Bf4 Nf6 3. e3 e6 4. Nd2 c5 5. c3 Nc6 6. Ngf3 cxd4 7. exd4 Nh5 8.
Be3 Bd6 9. Ne5 Nf6 10. f4 Qb6 11. Qb3 Ng8 12. Qxb6 axb6 13. Bd3 Nge7 14. O-O f6
15. Nef3 h6 16. Nb3 Kf7 17. Rfe1 Bd7 18. a3 g5 19. g3 Rag8 20. Kf2 Ng6 21. fxg5
hxg5 22. Re2 Nce7 23. Kg1 Rg7 24. Rf1 Kg8 25. Bxg5 fxg5 26. Nxg5 e5 27. dxe5
Nxe5 28. Ref2 Rxg5 0-1